Oscar Domínguez (Record no. 182411)

MARC details
000 -LEADER
campo de control de longitud fija 00715nam a2200205 i 4500
001 - NÚMERO DE CONTROL
campo de control 182411
003 - IDENTIFICADOR DE NÚMERO DE CONTROL
campo de control ES-MaACL
005 - FECHA Y HORA DE LA ÚLTIMA TRANSACCIÓN
campo de control 20251115063321.0
008 - DATOS DE LONGITUD FIJA--INFORMACIÓN GENERAL
campo de control de longitud fija 130809s1989 sp |||| | spa d
080 ## - NÚMERO DE LA CLASIFICACIÓN DECIMAL UNIVERSAL
Número de la Clasificación Decimal Universal 75 Domínguez, Óscar (083.824)
100 1# - ENTRADA PRINCIPAL--NOMBRE DE PERSONA
Nombre de persona Domínguez, Óscar,
Fechas asociadas al nombre 1906-1957
9 (RLIN) 45175
245 10 - MENCIÓN DEL TÍTULO
Título Oscar Domínguez
Resto del título : de 4 al 17 de maig del 1989, Sala Parés, Barcelona.
260 ## - PUBLICACIÓN, DISTRIBUCIÓN, ETC.
Lugar de publicación, distribución, etc. Barcelona :
Nombre del editor, distribuidor, etc. Sala Parés,
Fecha de publicación, distribución, etc. 1989.
300 ## - DESCRIPCIÓN FÍSICA
Extensión 39 p. : principalmente il. col. y n. ;
Dimensiones 30 cm.
600 17 - PUNTO DE ACCESO ADICIONAL DE MATERIA--NOMBRE DE PERSONA
Nombre de persona Domínguez, Óscar,
Fechas asociadas al nombre 1906-1957-
Subdivisión de forma Exposiciones
Fuente del encabezamiento o término
9 (RLIN) 153218
655 #7 - TERMINO DE INDIZACIÓN--GENERO/FORMA
Fuente del término tgfbne
9 (RLIN) 193628
Datos o término principal de género/forma Catálogos de exposiciones
852 ## - LOCALIZACIÓN
Ubicación ES-MaACL
Número de control de estantería 2323-F-22
942 ## - ELEMENTOS DE ENTRADA SECUNDARIOS (KOHA)
Fuente del sistema de clasificación o colocación Clasificación decimal universal
Holdings
Estatus retirado Estado de pérdida Estado de daño No para préstamo Colección Biblioteca de origen Biblioteca actual Ubicación en estantería Fecha de adquisición Fuente de adquisición Total de préstamos Signatura topográfica completa Código de barras Visto por última vez Precio de reemplazo Tipo de ítem Koha
        Colección de folletos Biblioteca del Ateneo de Madrid Biblioteca del Ateneo de Madrid Depósito folletos 09/08/2013     2323-F-22 1191689 23/02/2023 23/02/2023 Folleto